[Event "Espergarde open"]
[Site "Espergaerde"]
[Date "1977.??.??"]
[Round "7"]
[White "Bjerring, Kai"]
[Black "Hoi, Carsten"]
[Result "1-0"]
[WhiteElo "2365"]
[BlackElo "2330"]

1. e4 d6 2. d4 Nf6 3. Nc3 g6 4. f4 Bg7 5. Nf3 O-O 6. Bd3 Nbd7 7. O-O c6
8. e5 Nd5 9. Nxd5 cxd5 10. Qe1 e6 11. h4 h5 12. Qg3 Qe7 13. b3 dxe5
14. fxe5 Qb4 15. Bd2 Qb6 16. Be3 a5 17. Ng5 f5 18. Nh3 Rf7 19. Nf4 Nf8
20. Nxg6 Nxg6 21. Qxg6 Bd7 22. Rxf5 1-0

[Event "Espergarde open"]
[Site "Espergaerde"]
[Date "1977.??.??"]
[Round "7"]
[White "Brask, S"]
[Black "Svendsen, N"]
[Result "1-0"]
[WhiteElo "2200"]
[BlackElo "2200"]

1. e4 e6 2. Qe2 Be7 3. g3 d5 4. Bg2 Nf6 5. e5 Nfd7 6. d4 O-O 7. Qg4 f5
8. Qe2 c5 9. c4 Nb6 10. cxd5 Nxd5 11. dxc5 Nc6 12. Nf3 Bxc5 13. O-O Qb6
14. Nbd2 Bd7 15. Nb3 Be7 16. Rd1 Rfd8 17. Bg5 Be8 18. Bxe7 Ncxe7 19.
Rac1 Rac8 20. Nfd4 a5 21. Qd2 a4 22. Na5 Bb5 23. b3 axb3 24. axb3 Ba6
25. Nc4 Bxc4 26. bxc4 Nc7 27. c5 Qa7 28. Qb2 Ned5 29. Qb3 Kf7 30. Rd2
g6 31. Ra2 Qb8 32. Rb1 Ne8 33. Qxb7+ Qxb7 34. Rxb7+ Rc7 35. Raa7 Rdd7
36. c6 Rxb7 37. cxb7 1-0

[Event "Espergarde open"]
[Site "Espergaerde"]
[Date "1977.??.??"]
[Round "7"]
[White "Hansen, J"]
[Black "Auchenberg, Per"]
[Result "1/2-1/2"]
[WhiteElo "2360"]
[BlackElo "2225"]

1. g3 e6 2. Bg2 Nf6 3. Nf3 c5 4. O-O Be7 5. d3 O-O 6. e4 d6 7. Nbd2 Nc6
8. Re1 Qc7 9. c3 Rb8 10. a3 b6 11. b3 Ba6 12. Bf1 Rfd8 13. Bb2 d5 14.
Qc2 dxe4 15. dxe4 Bxf1 16. Kxf1 e5 17. Nc4 Rd7 18. Rad1 Rbd8 19. Rxd7
Rxd7 20. Ne3 g6 21. Re2 Bf8 22. Bc1 Qd8 23. Nc4 Rd1+ 24. Ne1 Rd7 25.
Bg5 Be7 26. Bxf6 Bxf6 27. Ne3 Bg5 28. Nd5 f5 29. f3 fxe4 30. fxe4 Ne7
31. c4 Nc6 32. Rf2 Nd4 33. Qd1 Rf7 34. Nf3 Qf8 35. Kg2 Kg7 36. Rf1 Bd8
37. Nxe5 Rxf1 38. Qxf1 Qxf1+ 39. Kxf1 Nxb3 40. Nc6 Bg5 41. Nxa7 Nd2+
42. Ke2 Nxe4 43. a4 Kf7 1/2-1/2

[Event "Espergarde open"]
[Site "Espergaerde"]
[Date "1977.??.??"]
[Round "7"]
[White "Hansen, Jorgen"]
[Black "Sogaard, Ove"]
[Result "0-1"]
[WhiteElo "2360"]
[BlackElo "2200"]

1. e4 e5 2. Nf3 Nc6 3. g3 g6 4. Bg2 Bg7 5. d3 Nge7 6. Nbd2 d5 7. exd5
Nxd5 8. O-O O-O 9. Re1 h6 10. Nc4 Re8 11. a4 a5 12. c3 Bf5 13. Nh4 Be6
14. Qe2 Qd7 15. Bd2 Kh7 16. Rad1 f6 17. Be3 Qe7 18. Be4 f5 19. Bf3 Rad8
20. Bg2 g5 21. Nf3 Bf6 22. d4 e4 23. Nfe5 Bxe5 24. Nxe5 Nxe5 25. dxe5
Nxe3 26. Qxe3 Rxd1 27. Rxd1 Bb3 28. Rd4 Qxe5 29. f4 gxf4 30. Rd7+ Re7
31. gxf4 Qe6 32. Rd4 Rg7 33. Kf2 Qf6 34. Bh3 Be6 35. Rd2 Bc4 0-1

[Event "Espergarde open"]
[Site "Espergaerde"]
[Date "1977.??.??"]
[Round "7"]
[White "Madsen, P"]
[Black "Sondergaard, A"]
[Result "0-1"]
[WhiteElo "2200"]
[BlackElo "2200"]

1. e4 e5 2. f4 exf4 3. Nf3 d5 4. exd5 Nf6 5. Bc4 c6 6. dxc6 Nxc6 7. O-O
Bc5+ 8. Kh1 O-O 9. c3 Bg4 10. d4 Bd6 11. a4 Re8 12. Na3 Na5 13. Bd3 Nh5
14. b4 Nc6 15. Nc4 Bc7 16. Bd2 Qd5 17. Qc2 Ng3+ 18. hxg3 Qh5+ 19. Kg1
fxg3 20. Be3 Re6 21. d5 Rxe3 22. Nxe3 Bb6 23. Rfe1 Ne5 24. Bxh7+ Kh8
25. Be4 Nc4 26. Kf1 Nxe3+ 27. Rxe3 Bxe3 28. Ke2 Bh6 29. Rf1 Re8 30. Kd1
Qe5 31. Bd3 Qxd5 32. c4 Qd4 33. Re1 Rd8 34. Ke2 Qf2+ 35. Kd1 Bxf3+ 36.
gxf3 Qxf3+ 0-1

[Event "Espergarde open"]
[Site "Espergaerde"]
[Date "1977.??.??"]
[Round "7"]
[White "Moe, Mogens"]
[Black "Brondum, Eric"]
[Result "1-0"]
[WhiteElo "2360"]
[BlackElo "2335"]

1. e4 c5 2. Nf3 Nf6 3. Nc3 Nc6 4. d4 cxd4 5. Nxd4 e5 6. Ndb5 d6 7. Bg5
a6 8. Na3 b5 9. Nd5 Qa5+ 10. Bd2 Qd8 11. Bd3 Be6 12. c4 bxc4 13. Qa4
Bxd5 14. exd5 cxd3 15. Nc4 Nd7 16. Qxc6 Qc8 17. Rc1 Qb8 18. Rc3 Ra7
19. Rb3 Qa8 20. Be3 Qxc6 21. dxc6 Nc5 22. Rb8+ Ke7 23. Bxc5 d2+ 24. Ke2
1-0

[Event "Espergarde open"]
[Site "Espergaerde"]
[Date "1977.??.??"]
[Round "7"]
[White "Pedersen, Jens Otto"]
[Black "Zambach, A"]
[Result "1/2-1/2"]
[WhiteElo "2200"]
[BlackElo "2200"]

1. e4 Nf6 2. e5 Nd5 3. c4 Nb6 4. c5 Nd5 5. Bc4 e6 6. d4 d6 7. cxd6 cxd6
8. Qe2 dxe5 9. dxe5 Nc6 10. Nf3 Nb6 11. Bb3 Nb4 12. O-O Qd3 13. Qxd3
Nxd3 14. Nc3 Nxc1 15. Raxc1 Bd7 16. Rfd1 Be7 17. Ne4 O-O 18. Nc5 Bxc5
19. Rxc5 Rac8 20. Rdc1 Rxc5 21. Rxc5 Rc8 22. Rxc8+ Nxc8 23. Nd4 Ne7
24. f4 a6 25. Kf2 Nc6 26. Ke3 Kf8 27. Nxc6 Bxc6 28. g4 g6 29. Bc4 a5
30. f5 Ke7 31. fxe6 fxe6 32. Bd3 b6 33. h4 Bd5 34. a3 Bb3 35. Be4 Bd1
36. Kf4 Kf7 37. Bd3 Bb3 38. Ke4 Ke7 39. Kd4 Bd1 40. g5 Ba4 41. Kc4 Bc6
42. b4 axb4 43. axb4 Kd8 44. Kd4 Ke7 1/2-1/2

[Event "Espergarde open"]
[Site "Espergaerde"]
[Date "1977.??.??"]
[Round "7"]
[White "Rej, Dennis"]
[Black "Frandsen, O"]
[Result "1-0"]
[WhiteElo "2200"]
[BlackElo "2200"]

1. e4 e5 2. Nf3 Nc6 3. Bc4 Nf6 4. d3 Be7 5. O-O O-O 6. c3 d5 7. exd5
Nxd5 8. b4 Bf6 9. b5 Nce7 10. Qc2 Nb6 11. Bb3 Bf5 12. Rd1 Bg4 13. Nbd2
Ned5 14. Bb2 Nf4 15. h3 Bh5 16. Ne4 Bxf3 17. gxf3 Nxh3+ 18. Kh2 Nf4
19. Rg1 Bh4 20. c4 f5 21. Bxe5 Ng6 22. c5+ Nd5 23. Qc3 Rf7 24. Qb2 fxe4
25. dxe4 c6 26. exd5 cxd5 27. Rad1 Nxe5 28. Qxe5 Bf6 29. Qxd5 Qc7+ 30.
Kh1 Raf8 31. Qd6 Qc8 32. Be6 Qe8 33. Rde1 Kh8 34. Bxf7 Qxf7 35. Rg3
Qh5+ 36. Kg2 Rd8 37. Qc7 Qd5 38. c6 bxc6 39. bxc6 h6 40. Qb7 Qf5 41.
Qf7 Qc8 42. Re6 Rf8 43. Qd7 Rd8 44. Qxc8 Rxc8 45. Rg4 Kh7 46. Rb4 Kg6
47. f4 Kf5 48. Rbe4 h5 49. Kf3 h4 50. Rd6 g5 51. Rd5+ Kg6 52. fxg5 1-0

[Event "Espergarde open"]
[Site "Espergaerde"]
[Date "1977.??.??"]
[Round "7"]
[White "Riis, Soren"]
[Black "Molgaard, Steen"]
[Result "0-1"]
[WhiteElo "2200"]
[BlackElo "2200"]

1. e4 e6 2. d4 d5 3. Nd2 c5 4. exd5 Qxd5 5. Bc4 Qxg2 6. Qf3 Qxf3 7.
Ngxf3 Nc6 8. Nb3 cxd4 9. Nbxd4 Nxd4 10. Nxd4 a6 11. a4 Bd7 12. Be3 Ne7
13. Ke2 Rc8 14. Bd3 Nc6 15. Rhg1 g6 16. Nf3 Bg7 17. Bc5 Ne5 18. Bd6
Nxf3 19. Kxf3 Bc6+ 20. Kf4 Bxb2 21. Rab1 Bf6 0-1

[Event "Espergarde open"]
[Site "Espergaerde"]
[Date "1977.??.??"]
[Round "7"]
[White "Sorensen, Bent"]
[Black "Kallenberg, Ebbe"]
[Result "1-0"]
[WhiteElo "2200"]
[BlackElo "2200"]

1. f4 c5 2. Nf3 Nc6 3. b3 Nf6 4. Bb2 d5 5. e3 Bf5 6. Bb5 a6 7. Bxc6+
bxc6 8. Ne5 Qc7 9. d3 e6 10. Nd2 Be7 11. O-O h6 12. Qf3 O-O 13. g4 Bh7
14. Qh3 Rad8 15. Ndf3 Nd7 16. Nxd7 Rxd7 17. Ne5 Rdd8 18. Rf2 f5 19. Rg2
d4 20. exd4 cxd4 21. Rf1 Bf6 22. gxf5 Bxe5 23. fxe5 Qxe5 24. fxe6 Rd6
25. Rxf8+ Kxf8 26. Rf2+ Kg8 27. Qf3 Bg6 28. Re2 Qf6 29. Qxf6 gxf6 30.
Ba3 Rd5 31. Be7 f5 32. Bf6 f4 33. Rg2 Kh7 34. e7 Rf5 35. Rxg6 1-0